000 01170nam a22002655a 4500
005 20090622143455.0
008 090226s2009 ii b 001 0 eng
010 _aENG-94164
020 _a9780415484503
_c395.00
035 _aEN-77697
037 _bDBAD / PUB
040 _adpl
_bEnglish
082 _a330.1
100 _aKaul, Nitasha
245 _aImagining economics otherwise:
_bencounters with identity/difference /
_cby Nitasha Kaul
260 _aNew Delhi
_bRoutledge
_c2008
270 _a912-915 Tolstory House, 15-17 Tolstoy Marg,
_bNew Delhi
_e110001
300 _axiii, 281 p.
_c24cm(pbk)
500 _aIncludes bibliographical references and index
520 _aStudy of Hindi poetry from 15th century to 20th century, Marathi, Gujarati, Panjabi, and Indic English poetry of the post-1947 period.
546 _aPassages translated from Hindi, Gujarati, Marathi, and Panjabi.
650 _aEconomics
_xPhilosophy
942 _2ddc
_cEN
_mKAU
_h330.1
999 _c27763
_d27763